000 00939nac a22003017a 4500
001 BR5600161
003 BR-BrBNA
005 20240105112921.0
008 230509b bl.|||m| |||| 00| 0 por d
040 _aBR-BrBNA
_bpor
_cBiblioteca Nacional de Agricultura
072 _aK50
090 _a8909 BR5600161
100 1 _aSouza, H.B. de
110 1 _aInstituto Agronomico do Norte, Belem, PA (Brasil)
_95627
245 1 _aA acao de diversos cations sobre a borracha [Analise quimica; latex; Brasil]
260 3 _aBelem, PA (Brasil):
_c1956.
300 _ap. 127-162
490 _aBoletim Tecnico do Instituto Agronomico do Norte (Brazil)
_vno. 31
_x
500 _aSummaries (En, Fr); 13 ref.
650 _aLATEX
650 _aBORRACHA
650 _aANALISE QUIMICA
650 _aCATION
650 _aCOAGULACAO
650 _aINDUSTRIA FLORESTAL
909 _a202312
_bLúcia Elande
_c55
_dLúcia Elande
942 _2AGRIS
_n0
_cMS
999 _c260923
_d260923